Statistics for Cities Beginning With MAR–

Click here to take the quiz!

General Stats

  • This quiz has been taken 35 times
    (16 since last reset)
  • The average score is 4 of 15

Answers on the Map

Answers color-coded by a green-red scale on the quiz's map according to % correct below.
 

Answer Stats

City% Correct
Marseille
93%
Marrakesh
86%
Maracaibo
50%
Maribor
29%
Mariupol
29%
Mar del Plata
21%
Margate
21%
Maracay
14%
Marburg
14%
Marbella
7%
Maricopa
7%
Mary
7%
Marathon
0%
Maringá
0%
Maroua
0%

Score Distribution

Percentile by Number Answered

Percent of People with Each Score

Your Score History

You have not taken this quiz since the last reset